000 00375cam a2200157ua 4500
003 OSt
008 250610b |||||||| |||| 00| 0 eng d
041 _aeng
082 _a624.171
_bARU/ST
100 _aArulmanickam, A P .
_97557
245 _aStructural engineering /
250 _a1 /
260 _a :
_bPratheeba publishers ,
_c1996.
300 _a567 ; .
942 _cBK
999 _c2089
_d2089